00800cam a2200217 a 450000100100000000500170001000800410002702000150006804000230008308200260010610000350013224500570016725000110022426000750023530000210031065000360033165000370036791000340040495201290043899900150056700000499320200929151542.0890105s1995 pr 001 p spa  a0865814384 aDO-SdBNPcDLCdDLC aPR861.44bR621e, 19951 aRivera, Etnairisd1949-91441110aEntre ciudades y casi paraísos /cEtnairis Rivera. a2a ed. aSan Juan, Puerto Rico :bInstituto de Cultura Puertorriqueña,c1995. a158 p. ;c22 cm. 4aPoesía puertorriqueña91015 4aLiteratura puertorriqueña9250 aCatalogación por copia / LC 001052708MOaGRbGRcCTd2009-07-28iLF1l0oPR861.44 R621e, 1995p4993-10r2020-06-25w2020-06-25y2ZPréstamo interno c4799d4799